000 00362nam a2200157Ia 4500
003 Ost
005 20260225132551.0
008 260225s9999||||xx |||||||||||||| ||und||
040 _cfsic
041 _afre
082 _a791.43
100 _aUnifrane film
_eAuteur
245 0 _aCinema Français production 1980 /
245 0 _cUnifrane film
942 _cكتاب
999 _c34142
_d34142